Breaking the Mould : Reimagining India's Economic Future (Record no. 41478)

MARC details
000 -LEADER
fixed length control field 00406nam a2200133Ia 4500
008 - FIXED-LENGTH DATA ELEMENTS--GENERAL INFORMATION
fixed length control field 240719s9999 xx 000 0 und d
041 ## - LANGUAGE CODE
Language code of text/sound track or separate title eng
082 ## - DEWEY DECIMAL CLASSIFICATION NUMBER
Classification number 338.91 RAJ
100 ## - MAIN ENTRY--PERSONAL NAME
Personal name Rajan, G. Raghuram
245 ## - TITLE STATEMENT
Title Breaking the Mould : Reimagining India's Economic Future
260 ## - PUBLICATION, DISTRIBUTION, ETC.
Place of publication, distribution, etc. USA
Name of publisher, distributor, etc. Penguin Random House India,
Date of publication, distribution, etc. 2023
300 ## - PHYSICAL DESCRIPTION
Extent 297;. p. 22 CM
520 ## - SUMMARY, ETC.
Summary, etc. Faculty Purchase by Dr. Senthil Kumar S.
Holdings
Withdrawn status Lost status Damaged status Not for loan Home library Current library Shelving location Date acquired Source of acquisition Total Checkouts Total Renewals Full call number Barcode Date last seen Date last checked out Price effective from Koha item type
        IMTN IMTN Rack 13-A 01/31/2024 Amazon 3 1 338.91 RAJ 33173 10/16/2025 10/12/2025 01/31/2024 Books
Designed & Maintained by: LRC IMT Nagpur Contact: lrc@imtnag.ac.in© 2024. All Rights Reserved.